| 000 | 00596nam a2200193Ia 4500 | ||
|---|---|---|---|
| 003 | IN-BaIIA | ||
| 008 | 211028s9999 xx 000 0 eng d | ||
| 020 | _a0-12-159103-4 | ||
| 040 | _cIIA Library | ||
| 080 |
_a533 _bCAP-3 |
||
| 100 |
_aCap, Ferdinand F _910744 |
||
| 245 | 0 |
_aHandbook on plasma instabilities _bvol. 3 _cFerdinand F Cap |
|
| 260 |
_aNew York _bAcademic Press _c1982 |
||
| 300 | _axxii, 1011-1481p. | ||
| 650 | _aAstronomy and astrophysics thesaurus | ||
| 650 |
_aPlasma instabilities _96268 |
||
| 650 |
_aPlasmas _91898 |
||
| 942 | _cBK | ||
| 999 |
_c8190 _d8190 |
||